Score 0/46 Timer 05:00
0 Plays Today
Clue Answer % Correct
'Rise and ____!'SHINE
90.5%
FOX drama starring Hugh LaurieHOUSE
86.1%
Nokia productPHONE
86%
Chili con ____CARNE
84.8%
Curie or OsmondMARIE
83%
Pest that can infest your hairLOUSE
82.7%
____ New RomanTIMES
81.2%
↝ German river ↝RHINE
81%
Person holding a stopwatchTIMER
80.3%
Arabian or Clydesdale e.g.HORSE
80%
Lying facedownPRONE
77.7%
One of Donald Duck's nephewsLOUIE
76.9%
Food-____ illnessBORNE
76.3%
Aircraft with no pilotDRONE
75.7%
Burglars may try to 'crack' theseSAFES
74.9%
↝ River that flows through Paris ↝SEINE
74.8%
↝ Swiss/French river ↝RHONE
74.4%
Jazz trumpeter DavisMILES
74.3%
American pioneer DanielBOONE
73.8%
Beauty marksMOLES
73.2%
Mosaic unitsTILES
73%
↝ French river and WWI battle site ↝MARNE
72.2%
'Stormy Weather' singer LenaHORNE
72.1%
Clue Answer % Correct
More secureSAFER
71.9%
Guy who works at the ferris wheelCARNY
70.4%
'My life' in French (2 words)MA VIE
69.3%
↝ River that flows through Rome ↝TIBER
69.1%
Apples and nuts are a good source for thisFIBER
68.7%
Lorna ____, 19th c. novelDOONE
68.1%
Cavalry swordSABER
66%
Bob Barker's successor on 'The Price is Right'CAREY
64.7%
Is concerned aboutCARES
63.1%
Former Chicago Bears head coach SmithLOVIE
60.1%
Electric unitsVOLTS
60.1%
Steven Spielberg productionMOVIE
60%
____ College (Animal House school)FABER
59.2%
Animals resembling miceVOLES
58%
Those who are looked to for wisdomSAGES
56.6%
NarrativesTALES
51%
Shipping weightsTARES
48.3%
Upper _____ (former name of Burkina Faso)VOLTA
43.1%
SorcerersMAGES
40.6%
↝ Europe's longest river ↝VOLGA
38.1%
Ankle boneTALUS
25.2%
↝ Longest river of the Iberian Peninsula ↝TAGUS
21.3%
One of three visitors to Baby Jesus (traditionally)MAGUS
21.1%

Today's Daily Dose

Remove Ads.
Support Sporcle.
Get the best of Sporcle when you Go Orange. This ad-free experience offers more features, more stats, and more fun while also helping to support Sporcle. Thank you for becoming a member.

You're not logged in!

Compare scores with friends on all Sporcle quizzes.
OR
Log In

Show Comments

Extras

Top Quizzes Today


Score Distribution

Your Account Isn't Verified!

In order to create a playlist on Sporcle, you need to verify the email address you used during registration. Go to your Sporcle Settings to finish the process.

Report this User

Report this user for behavior that violates our Community Guidelines.

Details: